Logo CIB grande

INTRODUCCION A LAS COMPUTADORAS Y A LOS SISTEMAS DE INFORMACION (Registro nro. 216284)

Detalles MARC
000 -LEADER
campo de control de longitud fija 00702nam a2200253Ia 4500
005 - FECHA Y HORA DE LA ÚLTIMA TRANSACCIÓN
campo de control 20250425161809.0
008 - DATOS DE LONGITUD FIJA--INFORMACIÓN GENERAL
campo de control de longitud fija 250425s9999 xx 000 0 und d
020 ## - NÚMERO INTERNACIONAL ESTÁNDAR DEL LIBRO
Número Internacional Estándar del Libro 970170262X
041 ## - CÓDIGO DE IDIOMA
Código de lengua del texto/banda sonora o título independiente spa
082 ## - NÚMERO DE LA CLASIFICACIÓN DECIMAL DEWEY
Número de clasificación 001.6425
010 ## - NÚMERO DE CONTROL DE LA BIBLIOTECA DEL CONGRESO
Número de control de LC 29985
100 ## - ENTRADA PRINCIPAL--NOMBRE DE PERSONA
Nombre de persona LONG, LARRY
245 #0 - MENCIÓN DEL TÍTULO
Título INTRODUCCION A LAS COMPUTADORAS Y A LOS SISTEMAS DE INFORMACION
250 ## - MENCION DE EDICION
Mención de edición 5A ED.
260 ## - PUBLICACIÓN, DISTRIBUCIÓN, ETC.
Lugar de publicación, distribución, etc. México
Nombre del editor, distribuidor, etc. PRENTICE HALL
Fecha de publicación, distribución, etc. 1999
260 ## - PUBLICACIÓN, DISTRIBUCIÓN, ETC.
Lugar de publicación, distribución, etc. NAUCALPAN DE JUAREZ
300 ## - DESCRIPCIÓN FÍSICA
Extensión 416
500 ## - NOTA GENERAL
Nota general Título Traducido: INTRODUCTION TO COMPUTERS AND INFORMATION SYSTEMS
650 ## - PUNTO DE ACCESO ADICIONAL DE MATERIA--TÉRMINO DE MATERIA
Término de materia o nombre geográfico como elemento de entrada COMPUTADORES
650 ## - PUNTO DE ACCESO ADICIONAL DE MATERIA--TÉRMINO DE MATERIA
Término de materia o nombre geográfico como elemento de entrada SISTEMA DE INFORMACION
650 ## - PUNTO DE ACCESO ADICIONAL DE MATERIA--TÉRMINO DE MATERIA
Término de materia o nombre geográfico como elemento de entrada SISTEMAS COMPUTARIZADOS
650 ## - PUNTO DE ACCESO ADICIONAL DE MATERIA--TÉRMINO DE MATERIA
Término de materia o nombre geográfico como elemento de entrada SOFTWARE
942 ## - ELEMENTOS DE ENTRADA SECUNDARIOS (KOHA)
Tipo de ítem Koha Libros
Existencias
Estatus retirado Estado de pérdida Estado de daño No para préstamo Biblioteca de origen Biblioteca actual Ubicación en estantería Fecha de adquisición Coste, precio normal de compra Etiqueta RFID Total de préstamos Código de barras Copia número Tipo de ítem Koha
        CENTRO DE INFORMACIÓN BIBLIOTECARIA CENTRO DE INFORMACIÓN BIBLIOTECARIA   28/07/2003 18.00 0000000000000000001571   39095 2 Libros
        CENTRO DE INFORMACIÓN BIBLIOTECARIA CENTRO DE INFORMACIÓN BIBLIOTECARIA   10/09/2008 22.00 0000000000000000001570   52613 3 Libros

Copyright 2025 ESPOL. Todos los derechos reservados.